Central Library OPAC University of Rajshahi

বাংলাদেশের নৃগোষ্ঠী নাট্য / (Record no. 41126)

MARC details
000 -LEADER
fixed length control field 00972nam a2200241 a 4500
001 - CONTROL NUMBER
control field 41126
003 - CONTROL NUMBER IDENTIFIER
rucl marc code BD-RjUL
005 - DATE AND TIME OF LATEST TRANSACTION
control field 20211209053332.0
008 - FIXED-LENGTH DATA ELEMENTS--GENERAL INFORMATION
fixed length control field 160516s2008 bg a|||| b||| 001 0 ben d
020 ## - INTERNATIONAL STANDARD BOOK NUMBER
International Standard Book Number 9840746807
Terms of availability : TK 350.00
035 ## - SYSTEM CONTROL NUMBER
System control number (BD-RjUL)41242
040 ## - CATALOGING SOURCE
Original cataloging agency BD-RjUL
Language of cataloging ben
Transcribing agency BD-RjUL
041 ## - LANGUAGE CODE
Language code of text/sound track or separate title ben
082 ## - DEWEY DECIMAL CLASSIFICATION NUMBER
Edition number 23
Classification number 305.8095492
Author mark and year AHB 2008
100 ## - MAIN ENTRY--PERSONAL NAME
Personal name আহমদ, আফসার
9 (RLIN) 120625
245 10 - TITLE STATEMENT
Title বাংলাদেশের নৃগোষ্ঠী নাট্য /
Statement of responsibility, etc. আফসার আহমদ
260 ## - PUBLICATION, DISTRIBUTION, ETC. (IMPRINT)
Place of publication, distribution, etc. ঢাকা :
Name of publisher, distributor, etc. বাংলা একাডেমী,
Date of publication, distribution, etc. ২০০৮
300 ## - PHYSICAL DESCRIPTION
Pagination [১৩], ৫৬০ পৃ. :
Illustrations চিত্র ;
Size ২১ সেমি.
504 ## - BIBLIOGRAPHY, ETC. NOTE
Bibliography, etc নির্ঘন্ট ও গ্রন্থপঞ্জি সম্বলিত
650 ## - SUBJECT ADDED ENTRY--TOPICAL TERM
Topical term or geographic name as entry element ক্ষুদ্র গোষ্ঠী
Geographic subdivision বাংলাদেশ
9 (RLIN) 126517
Topical term or geographic name as entry element Ethnic Group
Geographic subdivision Bangladesh
9 (RLIN) 126518
942 ## - ADDED ENTRY ELEMENTS (KOHA)
Source of classification or shelving scheme Dewey Decimal Classification
Koha item type Books
Holdings
Lost status Source of classification or shelving scheme Damaged status Not for loan Collection code Permanent Location Current Location Shelving location Date acquired Source of acquisition Cost, normal purchase price Total Checkouts Full call number Checked out Date last seen Date checked out Copy number Koha item type
  Dewey Decimal Classification     Non-fiction Central Library, University of Rajshahi Central Library, University of Rajshahi   23/06/2013 Bangla Academy, Dhaka 350.00 2 B 305.8095492 AHB 2008 08/06/2026 12/05/2026 12/05/2026 C-2 Books
  Dewey Decimal Classification     Non-fiction Central Library, University of Rajshahi Central Library, University of Rajshahi   23/06/2013 Bangla Academy, Dhaka. 350.00   B 305.8095492 AHB 2008   14/08/2016   C-3 Books
  Dewey Decimal Classification   Not For Loan Non-fiction Central Library, University of Rajshahi Central Library, University of Rajshahi Reading Room 23/06/2013 Bangla Academy, Dhaka. 350.00   B 305.8095492 AHB 2008   03/05/2017   C-1 Books